| 000 | 00512nam a2200181 i 4500 | ||
|---|---|---|---|
| 001 | bg | ||
| 100 | 1 | _aKONOPKA, Blanka | |
| 245 | 1 | 0 | _aJęzyk rosyjski dla studentów Wydziału Architektury. |
| 260 |
_aWarszawa : _bWydawnictwa Politechniki WArszawskiej, _c1988. |
||
| 650 | 9 | _aJęzyk rosyjski | |
| 650 | 9 |
_aArchitektura _xterminologia |
|
| 655 | _aPodręczniki akademickie | ||
| 040 | _cBPK | ||
| 041 | 0 | _apol | |
| 080 | _a811.161.1::72(075.8) | ||
| 942 | _cKS | ||
| 008 | s pl f |000 0 pol | ||
| 999 |
_c10619 _d10619 |
||
| 856 |
_uhttp://koha.tu.koszalin.pl/cgi-bin/koha/opac-detail.pl?biblionumber=10619 _yKatalog online BPK |
||